| 000 | 00759nam a22002537a 4500 | ||
|---|---|---|---|
| 005 | 20170124110037.0 | ||
| 010 | _aB-118625 | ||
| 020 |
_c80.00 _a817581165 |
||
| 035 | _aB-118625 | ||
| 037 | _bCen Lib/Ret | ||
| 040 |
_aDPL _bEN |
||
| 082 |
_a881.08 _bLAL |
||
| 100 |
_aLall, Ramji _922929 |
||
| 245 |
_aThomas gray : _cby Ramji Lall _ban evaluation of his poetry / |
||
| 250 | _a19th ed | ||
| 260 |
_aNew Delhi _bRama Brothers India _c2006 |
||
| 270 |
_bNew Delhi _ajJanak Palaza, Karol Bagh, _e110005 |
||
| 300 |
_aix, 180p. _c20cm(Hb) |
||
| 490 | _aStudies in poets | ||
| 500 | _aIncludes bibliographical references | ||
| 650 |
_aEnglish Literature _985889 |
||
| 650 |
_aBiographies _9618 |
||
| 942 |
_2ddc _cEN _h881.08 _mLAL |
||
| 999 |
_c128285 _d128285 |
||